000 00707nam a2200217Ii 4500
003 JO-AjNU
008 230606s9999||||xx |||||||||||||| ||und||
020 _a0-395-74567-5/ 0-395-76598-6
040 _aJO-AjNU
_beng
_erda
_cJO-AjNU
041 _aeng
050 1 4 _aHF5657.4 .A53 1996
100 3 _aAnderson,Henry R / Caldwell,James C / Neebles,Belverd E / Mills,Sherry K,
_eauthor
_93337
245 0 0 _aManagerial Accounting
250 _a4th ed
264 3 1 _aBoston: Houghton Mifflin Company, 1996
300 _a657p
_bIncludes appendix indexes
336 _atext
_btxt
_2rdacontent
337 _aunmediated
_bn
_2rdamedia
338 _avolume
_bnc
_2rdacarrier
650 4 _aManagerial Accounting
_93338
999 _aE1744
_c1744
_d1744